000
00294nam a22001337a 4500
020
_a
978-8121924375
041
_a
ENG
100
_a
Threaja.B.L
245
_a
A Textbook of Electaical Technology Vol 2
260
_a
Delhi
_b
S,Chavan .
_c
1999
300
_a
132
650
_a
EOES
856
_u
EOES
999
_c
434
_d
434